<?xml version="1.0" encoding="UTF-8"?>
<record
    xmlns:xsi="http://www.w3.org/2001/XMLSchema-instance"
    xsi:schemaLocation="http://www.loc.gov/MARC21/slim http://www.loc.gov/standards/marcxml/schema/MARC21slim.xsd"
    xmlns="http://www.loc.gov/MARC21/slim">

  <leader>01104nam2a22002171  4500</leader>
  <controlfield tag="001">RU\NLR\A2\4541</controlfield>
  <controlfield tag="005">20251214191634.0</controlfield>
  <datafield tag="035" ind1=" " ind2=" ">
    <subfield code="a">(NLR Aleph) 009858061</subfield>
  </datafield>
  <datafield tag="090" ind1=" " ind2=" ">
    <subfield code="a">13487881</subfield>
    <subfield code="c">13487881</subfield>
  </datafield>
  <datafield tag="100" ind1=" " ind2=" ">
    <subfield code="a">19970127d1793    u  y0rusy50      ca</subfield>
  </datafield>
  <datafield tag="101" ind1="0" ind2=" ">
    <subfield code="a">lat</subfield>
  </datafield>
  <datafield tag="200" ind1="1" ind2=" ">
    <subfield code="a">In quo methodus inveniendi functiones duarum et plurium variabilium, ex data relatione differentialium cviusvis gradus pertractatur, una cum appendice de calculo variationum et supplemento, evolutionem casuum prorsus singularium circa integrationem aequationum differentialium continente</subfield>
  </datafield>
  <datafield tag="210" ind1=" " ind2=" ">
    <subfield code="d">1793</subfield>
  </datafield>
  <datafield tag="215" ind1=" " ind2=" ">
    <subfield code="a">[6], 524 &#x441;., [1] &#x43B;. &#x447;&#x435;&#x440;&#x442;.</subfield>
  </datafield>
  <datafield tag="461" ind1=" " ind2="1">
    <subfield code="1">001RU\NLR\A2\4543</subfield>
    <subfield code="1">2000#$aLeonhardi Euleri Institutionum calculi integralis$vVol.3</subfield>
    <subfield code="1">700#1$6z01790$aEuler$bL.$f1707-1783$gLeonhard$4070</subfield>
    <subfield code="9">10373386</subfield>
    <subfield code="a">Euler, L. (1707-1783)</subfield>
    <subfield code="c">Petropoli [St.- Peterburg]</subfield>
    <subfield code="d">1792-1794</subfield>
    <subfield code="e">Editio altera et correctior</subfield>
    <subfield code="n">Impensis Academiae Imperialis scientiarum</subfield>
    <subfield code="t">Leonhardi Euleri Institutionum calculi integralis</subfield>
    <subfield code="v">Vol.3</subfield>
  </datafield>
  <datafield tag="801" ind1=" " ind2="0">
    <subfield code="a">RU</subfield>
    <subfield code="b">NLR</subfield>
    <subfield code="c">19970127</subfield>
  </datafield>
  <datafield tag="852" ind1=" " ind2=" ">
    <subfield code="a">NLR</subfield>
    <subfield code="j">5.11.6.89</subfield>
  </datafield>
  <datafield tag="942" ind1=" " ind2=" ">
    <subfield code="c">BOOK</subfield>
  </datafield>
  <datafield tag="980" ind1=" " ind2=" ">
    <subfield code="a">in18</subfield>
  </datafield>
  <datafield tag="980" ind1=" " ind2=" ">
    <subfield code="a">NB</subfield>
  </datafield>
</record>
